LEADER 01153nam a2200229 i 4500 001 000000232013 003 CaOOAMICUS 005 20140818000000.0 008 140818s1962 xx u000 u fre u 013 $a210916 040 $aSeMil$bita 100 1 $aLys, Daniel.$0(OLS)http://semarc/name/32603 245 10$aRûach le souffle dans l'Ancien Testament :$benquête anthropologique a travers l'histoire théologique d'Israël /$cpar Daniel Lys. 260 $aParis :$bPresses Universitaires de France,$c1962. 300 $a384 p. ;$c26 cm. 490 0 $aÉtudes d'histoire et de philosophie religieuses ;$vN.56 650 4$aBibbia - AT - Israele.$0(OLS)http://semarc/subject/13040 830 0$aÉtudes d'histoire et de philosophie religieuses ;$vN.56.$0(OLS)http://semarc/title/19653 850 $aSeMil 852 $aSeMil$W1$xVenegono$y1$m2Z III 69$j182359$B182359$CSeMilBibl$Z2$F193379 $81 996 $6245$aRûach le souffle dans l'Ancien Testament :$benquête anthropologique a travers l'histoire théologique d'Israël$9(OLS)http://semarc/title/331088 996 $6260$aParis :$bPresses Universitaires de France$9(OLS)http://semarc/publisher/30047 LEADER 01282nam a2200289 i 4500 001 000000044444 003 CaOOAMICUS 005 20060530000000.0 008 060530s1995 it u000 u ita u 013 $a15614 020 $a88-311-3122-2 040 $aSeMil$bita 100 1 $aValerianus : Cemeliensis .$0(OLS)http://semarc/name/22107 245 13$aLe venti omelie /$cValeriano di Cimiez ; introduzione, traduzione e note a cura di Luigi Fatica. 260 $aRoma :$bCittà Nuova,$ccopyr. 1995. 300 $a194 p. ;$c21 cm. 490 0 $aCollana di testi patristici ;$v122 500 $aIn appendice : Epistola ai monaci "Sulle virtù e l'ordine della dottrina apostolica". 650 4$aPatristica - Scrittori latini.$0(OLS)http://semarc/subject/112 700 1 $aFatica, Luigi.$0(OLS)http://semarc/name/16136 830 0$aCollana di testi patristici ;$v122.$0(OLS)http://semarc/title/2 850 $aSeMil 852 $aSeMil$W1$xVenegono$y1$m2U III 222$j10599$B10599$CSeMilBibl$Z2$F10599 $81 961 $aAcquisto: Città Nuova 996 $6020$a88-311-3122-2$9(OLS)http://semarc/number/16312 996 $6245$aLe venti omelie$9(OLS)http://semarc/title/65733 996 $6260$aRoma :$bCittà Nuova$9(OLS)http://semarc/publisher/29609